Statistics for Words Found In Turkey

Click here to take the quiz!

General Stats

  • This quiz has been taken 39 times
  • The average score is 8 of 15

Answer Stats

HintAnswer% Correct
3Key
100%
3Rut
81%
3Yet
72%
6Turkey
69%
3Rue
67%
4Yurt
61%
3Ret
58%
3Try
56%
4True
53%
3Rye
50%
4Trey
47%
3Yuk
44%
4Trek
36%
3Uke
33%
4Tyke
11%

Score Distribution

Percentile by Number Answered

Percent of People with Each Score

Your Score History

You have not taken this quiz